Music Quiz

Random Music or Bands Quiz

The Eagles or Aerosmith? Quiz Stats

 Plays Quiz Updated Feb 24, 2020

Support Sporcle.
Go Orange.
Score 0/24 Timer 02:00
0 Plays Today
Song The (E)agles or (A)erosmith % Correct
Heartache Tonight???
93.3%
Dream On???
92.3%
Hotel California???
90.2%
I Don't Want to Miss a Thing???
89.9%
Lyin' Eyes???
87.9%
Walk This Way???
87.9%
Dude (Looks Like a Lady)???
87.6%
Take It Easy???
86.8%
Desperado???
86.8%
Best of My Love???
86.3%
Sweet Emotion???
85.6%
Janie's Got a Gun???
85.5%
Song The (E)agles or (A)erosmith % Correct
Tequila Sunrise???
85.3%
Already Gone???
84.9%
Take It to the Limit???
83.4%
Life In The Fast Lane???
83.3%
I Can't Tell You Why???
79.5%
Rag Doll???
79.3%
How Long???
74.1%
Mama Kin???
68.5%
Back in the Saddle???
64.5%
What It Takes???
53.9%
Last Child???
53%
Seasons of Wither???
45.6%

From the Vault

Countries with a Smaller GDP than Avatar

by Hejman

We're just waiting for that Avatar-based stimulus package.
Remove Ads.
Support Sporcle.
Get the best of Sporcle when you Go Orange. This ad-free experience offers more features, more stats, and more fun while also helping to support Sporcle. Thank you for becoming a member.

Show Comments

Extras

Top Quizzes Today


Score Distribution

Your Account Isn't Verified!

In order to create a playlist on Sporcle, you need to verify the email address you used during registration. Go to your Sporcle Settings to finish the process.

Report this User

Report this user for behavior that violates our Community Guidelines.

Details: